000 00674nam a2200229 a 4500
001 BRCA_7701
005 20190320205943.0
008 230813s1951----enka######---#000-0#eng-#
041 _aeng
044 _aenk
050 4 _aNK7144
_b.Q44 1951
245 1 0 _aQueen Anne domestic silver
_cVictoria and Albert Museum.
260 _aLondres
_bH. M. Stationery Office
_c1951
300 _a1 v.
_bil., 29 láminas
_c18 cm.
440 0 _aIt´s small picture book
_v25
_919030
500 _aU38
650 1 4 _aPlatería inglesa
_97768
650 1 4 _aGalerías y museos
_zInglaterra
_919031
710 2 _aVictoria and Albert Museum (Londres)
_919032
902 _aGFM
942 _2lcc
_cB
999 _c7375
_d7375